000 00805nmm a2200265 a 4500
001 ocm000882921
003 TR-IsHL
005 20201028144227.0
008 141121s2003 tu tur
007 cr cn
020 _a9789758460557
035 _a882921
_b(N$T)
050 0 4 _aPL248.O45
_bY46 2003
090 0 4 _aPL248.O45
_bY46 2003
100 1 _aOflazoğlu, Gökhan
245 1 0 _aYenilgi
_h[electronic resource] /
_cGökhan Oflazoğlu
260 _aİstanbul :
_bPencere Yayınları,
_c2003
300 _a81 p.
650 4 _aDil ve Edebiyat
650 4 _aLanguage and Literature
650 0 _aTürk şiiri
650 0 _aTurkish poetry
650 7 _aPOETRY / Middle Eastern
_2bisacsh
856 4 0 _uhttp://search.ebscohost.com/login.aspx?direct=true&scope=site&db=e011xww&AN=882921
999 _c9314
_d9314